Historia de la arquitectura moderna
Uloženo v:
| Hlavní autor: | |
|---|---|
| Médium: | Kniha |
| Jazyk: | španělština |
| Vydáno: |
Madrid
Taurus
1963
|
| Témata: | |
| Tagy: |
Přidat tag
Žádné tagy, Buďte první, kdo vytvoří štítek k tomuto záznamu!
|
MARC
| LEADER | 00000nam a2200000 a 4500 | ||
|---|---|---|---|
| 001 | UCT1735 | ||
| 003 | CL-VaPUC | ||
| 008 | 961004e19630000SP |||||||||||||||||spa|d | ||
| 082 | 0 | 4 | |a 724 |b BEN |2 21 |
| 100 | |a Benevolo, Leonardo |e author |9 303868 | ||
| 245 | 1 | 0 | |a Historia de la arquitectura moderna |
| 300 | |a 2 v | ||
| 942 | |c BK | ||
| 945 | |d 19961004 00:00:00 |a rleighto | ||
| 260 | |a Madrid |b Taurus |c 1963 | ||
| 650 | 0 | |a Arquitectura moderna |9 265021 | |
| 650 | 0 | |a Ciudades |9 265474 | |
| 650 | 0 | |a Materiales de construcción |9 260197 | |
| 650 | 0 | |a Elementos estructurales |9 350100 | |
| 650 | 0 | |a Urbanismo |9 255208 | |
| 650 | 0 | |a Ingeniería de la construcción |9 337989 | |
| 651 | 0 | |a Europa |9 255156 | |
| 651 | 0 | |a América |9 255182 | |
| 583 | |a last modification |c 20180403 03:26:34 |k Rodrigo Vera | ||
| 999 | |c 252186 |d 252184 | ||
| 952 | |0 0 |1 0 |4 0 |6 724_000000000000000_BEN_1963 |7 0 |8 A |9 271915 |a BIBARQ |b BIBARQ |d 2019-11-19 |h v.1 |i 3235122 |o 724 BEN 1963 |p 3235122 |r 2025-01-20 |w 2019-11-19 |y BK |k ARQ | ||
| 952 | |0 0 |1 0 |4 0 |6 724_000000000000000_BEN_1963 |7 0 |8 A |9 271916 |a BIBARQ |b BIBARQ |d 2019-11-19 |h v.2 |i 3235114 |o 724 BEN 1963 |p 3235114 |r 2025-01-20 |w 2019-11-19 |y BK |k ARQ | ||